Slovensko - Statistics

General Stats
  • This quiz has been taken 28 times
  • The average score is 7 of 10
Answer Stats
Question Answer % Correct
Ako sa nazýva hlavné mesto Slovenska? Bratislava
100%
Na ktorej fotke je Banská Bystrica?
87%
V ktorej možnosti je krajina ktorá nesusedí so SR Chorvátsko
87%
Samostatné Slovensko vzniklo v roku .... (nepočítame SŠ počas 2. s. vojny) 1993
78%
Ktorý kopec sa nám spája s lyžiarskym stredikom Jasná (NAPANT) ? Chopok
78%
Ako sa nazýva najvyšší vrch Slovenska s výškou 2655m.n.m.? Gerlach
74%
Nitra sa nazýva aj mesto pod ..... Zoborom
70%
Na ktorej fotke sa nachádza Kriváň ?
57%
Koľko je na Slovensku okresov ? 79
57%
Označ možnosť v ktorej sú 3 najdlhšie rieky Slovenska Váh,Hron,Ipeľ
35%
No matching quizzes found
Score Distribution
Percent of People with Each Score
Percentile by Number Answered
Your Score History
You have not taken this quiz